Central Library OPAC University of Rajshahi

বাংলা সাময়িকপত্রে আদিবাসীকথা / (Record no. 46922)

MARC details
000 -LEADER
fixed length control field 00977nam a22002297a 4500
001 - CONTROL NUMBER
control field 46922
003 - CONTROL NUMBER IDENTIFIER
rucl marc code BD-RjUL
005 - DATE AND TIME OF LATEST TRANSACTION
control field 20211209054230.0
008 - FIXED-LENGTH DATA ELEMENTS--GENERAL INFORMATION
fixed length control field 160806s2005 bg ||||| |||| 00| 0 ben d
020 ## - INTERNATIONAL STANDARD BOOK NUMBER
International Standard Book Number 8187360712
Terms of availability : TK 350.00
035 ## - SYSTEM CONTROL NUMBER
System control number (BD-RjUL)47041
040 ## - CATALOGING SOURCE
Original cataloging agency BD-RjUL
Language of cataloging ben
Transcribing agency BD-RjUL
041 ## - LANGUAGE CODE
Language code of text/sound track or separate title ben
082 ## - DEWEY DECIMAL CLASSIFICATION NUMBER
Edition number 23
Classification number 305.8095492
Author mark and year BAN 2005
245 00 - TITLE STATEMENT
Title বাংলা সাময়িকপত্রে আদিবাসীকথা /
Statement of responsibility, etc. সংক্কলন ও সম্পাদনা দীপঙ্কর ঘোষ
260 ## - PUBLICATION, DISTRIBUTION, ETC. (IMPRINT)
Place of publication, distribution, etc. কলকাতা :
Name of publisher, distributor, etc. লোকসংস্কৃতি,
Date of publication, distribution, etc. ২০০৫
300 ## - PHYSICAL DESCRIPTION
Pagination [১০], ৪৬০ পৃ. :
Illustrations চিত্র ;
Size ২৩ সেমি.
650 ## - SUBJECT ADDED ENTRY--TOPICAL TERM
Topical term or geographic name as entry element আদিবাসী
Geographic subdivision বাংলাদেশ
9 (RLIN) 142929
Topical term or geographic name as entry element Tribal Groups
Geographic subdivision Bangladesh
9 (RLIN) 142930
700 ## - ADDED ENTRY--PERSONAL NAME
Personal name ঘোষ,দীপঙ্কর, সংক্কলন ও সম্পাদনা
942 ## - ADDED ENTRY ELEMENTS (KOHA)
Source of classification or shelving scheme Dewey Decimal Classification
Koha item type Books
Holdings
Lost status Source of classification or shelving scheme Damaged status Not for loan Collection code Permanent Location Current Location Shelving location Date acquired Source of acquisition Cost, normal purchase price Total Checkouts Full call number Date last seen Copy number Koha item type
  Dewey Decimal Classification     Non-fiction Central Library, University of Rajshahi Central Library, University of Rajshahi   12/03/2008 Pragon Entewrprise, Dhaka 350.00   B 305.8095492 BAN 2005 06/08/2016 C-2 Books
  Dewey Decimal Classification     Non-fiction Central Library, University of Rajshahi Central Library, University of Rajshahi   12/03/2008 Pragon Entewrprise, Dhaka 350.00   B 305.8095492 BAN 2005 06/08/2016 C-3 Books
  Dewey Decimal Classification     Non-fiction Central Library, University of Rajshahi Central Library, University of Rajshahi   12/03/2008 Pragon Entewrprise, Dhaka 350.00   B 305.8095492 BAN 2005 06/08/2016 C-4 Books
  Dewey Decimal Classification     Non-fiction Central Library, University of Rajshahi Central Library, University of Rajshahi   12/03/2008 Pragon Entewrprise, Dhaka 350.00   B 305.8095492 BAN 2005 06/08/2016 C-5 Books
  Dewey Decimal Classification   Not For Loan Non-fiction Central Library, University of Rajshahi Central Library, University of Rajshahi Reading Room 12/03/2008 Pragon Entewrprise, Dhaka 350.00   B 305.8095492 BAN 2005 27/12/2016 C-1 Books